El rey de les criailles (Record no. 171009)
[ view plain ]
| 000 -LEADER | |
|---|---|
| campo de control de longitud fija | 00943nam a22001575i 4500 |
| 001 - NÚMERO DE CONTROL | |
| campo de control | 171009 |
| 003 - IDENTIFICADOR DE NÚMERO DE CONTROL | |
| campo de control | ES-MaACL |
| 005 - FECHA Y HORA DE LA ÚLTIMA TRANSACCIÓN | |
| campo de control | 20230906214521.0 |
| 008 - DATOS DE LONGITUD FIJA--INFORMACIÓN GENERAL | |
| campo de control de longitud fija | 090422s1872 sp |||| | spa d |
| 100 1# - ENTRADA PRINCIPAL--NOMBRE DE PERSONA | |
| Nombre de persona | Escalante, Eduardo. |
| 9 (RLIN) | 47463 |
| 245 13 - MENCIÓN DEL TÍTULO | |
| Título | El rey de les criailles |
| Resto del título | : pieza de costumbres valencianas, en un acto y en verso / |
| Mención de responsabilidad, etc. | original de Eduardo Escalante. |
| 260 ## - PUBLICACIÓN, DISTRIBUCIÓN, ETC. | |
| Lugar de publicación, distribución, etc. | Valencia : |
| Nombre del editor, distribuidor, etc. | Librería de Juan Mariana y Sanz, editor, |
| Fecha de publicación, distribución, etc. | 1872 ( |
| Fabricante | Imp. de Juan Guix) |
| 300 ## - DESCRIPCIÓN FÍSICA | |
| Extensión | 27 p. ; |
| Dimensiones | 18 cm. |
| 500 ## - NOTA GENERAL | |
| Nota general | En port.: Escrita espresamente para el primer actor cómico D. Asensio Mora, y estrenada en su beneficio con estraordinario éxito en el teatro de la Libertad (antes Princesa), la noche del 20 de enero de 1872. |
| 852 1# - LOCALIZACIÓN | |
| Ubicación | BA |
| Número de control de estantería | F-8576(11) |
| Nota libre | .- Enc. pasta española |
| condición física | .- Falto de la cub. original |
| Nota libre | .- Enc. en un vol. facticio formando parte de la col. "Teatro español moderno", vol. 29 |
| -- | .- Firma manuscrita Gustavo Saenz Diez, 1872 |
| Estatus retirado | Estado de pérdida | Estado de daño | No para préstamo | Colección | Biblioteca de origen | Biblioteca actual | Ubicación en estantería | Fecha de adquisición | Fuente de adquisición | Total de préstamos | Signatura topográfica completa | Código de barras | Visto por última vez | Precio de reemplazo | Tipo de ítem Koha |
|---|---|---|---|---|---|---|---|---|---|---|---|---|---|---|---|
| Libros del s. XIX | Biblioteca del Ateneo de Madrid | Biblioteca del Ateneo de Madrid | Sala Pecera Planta 2 | 22/04/2009 | F-8576(11) | 1179472 | 23/02/2023 | 23/02/2023 | Libro impreso antiguo |
